| 000 | 00439ntaaa2200181 4500 | ||
|---|---|---|---|
| 003 | 01 | ||
| 005 | 20251027201938.0 | ||
| 008 | 0714s1973 ag 01 | ||
| 040 |
_aAR-BaBN _bspa _cAR-BaBN _eaacr _dRIC |
||
| 082 | _a245.0000 R76h | ||
| 100 |
_aRoutley, Erik _9819 |
||
| 245 | _aHymns and the faith | ||
| 250 | _a1 ed. | ||
| 260 |
_aGreenwich, Conn. : _bSeabury Press, _c1956 |
||
| 300 | _a311 p. | ||
| 650 |
_aHimnologĂa _9168 |
||
| 942 | _cBK | ||
| 999 |
_c14166 _d14166 |
||